000 00745nam0a22002531 4500
001 rc\4761865
005 20250613075029.0
021 _aRU
_b[62-10908]
035 _a(NLR Aleph) 009017437
090 _a9406708
_c9406708
100 _a20130417d1962 |||y0rusy50 ca
101 1 _arus
_cukr
102 _aRU
105 _aa z |||||
200 1 _aРепортаж с того света
_e[Авториз. пер. с укр.
210 _aМосква]
_cМол. гвардия
_d1962
215 _a160 с.
_cил.
_d20
607 _aСША
_z20 в.
_2psbo
700 1 _aМакивчук
_bФ.Ю.
_f1912-
_gФедор Юрьевич
801 0 _aRU
_bNLR
_gpsbo
801 1 _aRU
_bELAR
_2rusmarc
852 _aNLR
_j62-3/1175
942 _cBOOK
980 _aNB